Institution of a procedure for amendment of conventions. (Record no. 35714)

MARC details
000 -LEADER
fixed length control field 00825cam a22002411 4500
001 - CONTROL NUMBER
control field l 23000257
003 - CONTROL NUMBER IDENTIFIER
control field DLC
005 - DATE AND TIME OF LATEST TRANSACTION
control field 20260227111529.0
008 - FIXED-LENGTH DATA ELEMENTS--GENERAL INFORMATION
fixed length control field 790710s1923 sz i100 0 eng c
010 ## - LIBRARY OF CONGRESS CONTROL NUMBER
LC control number l 23000257
035 ## - SYSTEM CONTROL NUMBER
System control number (OCoLC)5155425
040 ## - CATALOGING SOURCE
Original cataloging agency U.S. Dept. of labor. Libr.
Transcribing agency OCl
Modifying agency DLC
042 ## - AUTHENTICATION CODE
Authentication code premarc
050 00 - LIBRARY OF CONGRESS CALL NUMBER
Classification number HD4813
Item number .I6 1923c
110 2# - MAIN ENTRY--CORPORATE NAME
Corporate name or jurisdiction name as entry element International Labour Office
245 10 - TITLE STATEMENT
Title Institution of a procedure for amendment of conventions.
Statement of responsibility, etc. Report prepared by the International labour office and submitted to governments for their observations.
260 ## - PUBLICATION, DISTRIBUTION, ETC.
Place of publication, distribution, etc. Geneva,
Date of publication, distribution, etc. 1923.
300 ## - PHYSICAL DESCRIPTION
Extent 25 p.
Dimensions 22 cm.
500 ## - GENERAL NOTE
General note Cover-title.
500 ## - GENERAL NOTE
General note At head of title: International labour office.
650 #0 - SUBJECT ADDED ENTRY--TOPICAL TERM
Topical term or geographic name entry element Labor laws and legislation, International.
740 0# - ADDED ENTRY--UNCONTROLLED RELATED/ANALYTICAL TITLE
Uncontrolled related/analytical title Amendment of conventions.

No items available.

Powered by Koha